[Event "ch-FRA w 2018"]
[Site "Nimes FRA"]
[Date "2018.08.19"]
[Round "2.5"]
[White "Monpeurt, Cyrielle"]
[Black "Bollengier, Andreea"]
[Result "0-1"]
[WhiteTitle "WFM"]
[BlackTitle "WIM"]
[WhiteElo "2175"]
[BlackElo "2219"]
[WhiteFideId "677400"]
[BlackFideId "1203347"]
[EventDate "2018.08.18"]

1. e4 g6 2. d4 Bg7 3. Nc3 d6 4. Bg5 a6 5. f4 Nc6 6. Nf3 Bg4 7. e5 dxe5 8. dxe5
Qxd1+ 9. Rxd1 h6 10. Bh4 Bxf3 11. gxf3 g5 12. fxg5 Nxe5 13. Kf2 Ng6 14. Bg3 Bxc3
15. bxc3 hxg5 16. Bxc7 Rc8 17. Ba5 Nf6 18. c4 Ne5 19. h4 gxh4 20. Bh3 e6 21. Bc3
Rh5 22. Rhe1 Ned7 23. Rd4 b5 24. Rd6 Rxc4 25. Bxe6 fxe6 26. Rexe6+ Kf7 27. Bxf6
Rxc2+ 28. Ke3 Nxf6 29. Rxf6+ Kg7 30. Rg6+ Kh7 31. Rg4 Rc7 32. Rdd4 h3 33. Rh4
Rc5 34. Kf2 h2 35. Kg2 Rc2+ 36. Kh1 Rxh4 37. Rxh4+ Kg6 38. a4 Rc4 39. f4 Rxa4
40. Kxh2 Kf5 41. Kg3 Ra3+ 42. Kf2 Ra2+ 43. Ke3 Ra3+ 44. Kd2 b4 45. Rh5+ Ke4 46.
f5 Ke5 47. Kc2 a5 48. Kb2 Kf6 49. Kc2 Rf3 50. Rh6+ Kg5 51. Rg6+ Kxf5 52. Ra6 Ra3
53. Kb2 Ke5 54. Rb6 Kd5 55. Rb8 Kc4 56. Rc8+ Kb5 57. Rb8+ Ka4 0-1

[Event "ch-FRA w 2018"]
[Site "Nimes FRA"]
[Date "2018.08.21"]
[Round "4.1"]
[White "Afraoui, Anaelle"]
[Black "Navrotescu, Andreea-Cristiana"]
[Result "0-1"]
[WhiteTitle "WFM"]
[BlackTitle "WIM"]
[WhiteElo "2041"]
[BlackElo "2247"]
[WhiteFideId "20654383"]
[BlackFideId "675946"]
[EventDate "2018.08.18"]

1. e4 c5 2. Nf3 e6 3. d4 cxd4 4. Nxd4 Nc6 5. Nc3 Qc7 6. Nxc6 dxc6 7. Be3 e5 8.
Bc4 Nf6 9. f3 Bb4 10. Qd3 O-O 11. O-O-O b5 12. Bb3 a5 13. a4 Ba6 14. axb5 cxb5
15. Nxb5 Qb7 16. Nd6 Qc6 17. Nc4 Rfe8 18. c3 a4 19. Ba2 Bf8 20. Bg5 Rac8 21.
Bxf6 Qxf6 22. Qd7 a3 23. Nd6 Bxd6 24. Rxd6 Qg5+ 25. Rd2 Red8 26. Qxf7+ Kh8 27.
f4 exf4 28. Rhd1 axb2+ 29. Kxb2 Rxd2+ 30. Rxd2 f3 31. Rf2 Rb8+ 32. Bb3 Qc5 33.
Qxf3 Bc4 34. Qf4 Rxb3+ 35. Kc2 Bg8 36. Rf3 Qb5 37. Kd2 Rb2+ 38. Ke3 Qc5+ 0-1

[Event "ch-FRA w 2018"]
[Site "Nimes FRA"]
[Date "2018.08.21"]
[Round "4.2"]
[White "Milliet, Sophie"]
[Black "Safranska, Anda"]
[Result "1-0"]
[WhiteTitle "IM"]
[BlackTitle "WGM"]
[WhiteElo "2389"]
[BlackElo "2193"]
[WhiteFideId "623725"]
[BlackFideId "11600209"]
[EventDate "2018.08.18"]

1. e4 Nf6 2. e5 Nd5 3. d4 d6 4. Nf3 dxe5 5. Nxe5 c6 6. Bd3 Nd7 7. Nf3 g6 8. O-O
Bg7 9. Re1 O-O 10. h3 Re8 11. c4 Nb4 12. Bf1 e5 13. Bg5 f6 14. Bd2 Na6 15. dxe5
Nxe5 16. Nxe5 fxe5 17. Nc3 Nc5 18. Be3 Qe7 19. b4 Ne6 20. c5 Rd8 21. Qc1 Qh4 22.
g3 Qxb4 23. Rb1 Qa5 24. Ne4 Qc7 25. Bc4 Kh8 26. Nd6 b5 27. Bb3 Rxd6 28. cxd6
Qxd6 29. Qd1 Qc7 30. Rc1 Bd7 31. Qd3 a6 32. Rcd1 Nd4 33. Bxd4 exd4 34. Re7 Qd6
35. Rde1 Bf6 36. Rf7 Rf8 37. Rxf8+ Qxf8 38. Qe4 Qd6 39. Be6 Kg7 40. Bxd7 Qxd7
41. Rc1 Bg5 42. Qxc6 Qf7 43. Rc2 Kh6 44. Qe4 Qd7 45. h4 Bd8 46. Rc5 Bb6 47. Qf4+
Kg7 48. Qe5+ Kh6 49. Qg5+ Kg7 50. Re5 Kf7 51. Qf4+ Kg7 52. Qe4 Kf7 53. h5 Qd6
54. Rd5 Qc7 55. Qg4 Kf6 56. Rd7 1-0

[Event "ch-FRA w 2018"]
[Site "Nimes FRA"]
[Date "2018.08.22"]
[Round "5.4"]
[White "Safranska, Anda"]
[Black "Monpeurt, Cyrielle"]
[Result "1-0"]
[WhiteTitle "WGM"]
[BlackTitle "WFM"]
[WhiteElo "2193"]
[BlackElo "2175"]
[WhiteFideId "11600209"]
[BlackFideId "677400"]
[EventDate "2018.08.18"]

1. Nf3 d5 2. g3 c5 3. Bg2 Nf6 4. d3 e6 5. O-O Be7 6. Nbd2 Nc6 7. e4 b6 8. Re1
Bb7 9. a3 Qc7 10. Qe2 O-O 11. e5 Nd7 12. c4 Rfd8 13. cxd5 exd5 14. e6 Nf8 15.
exf7+ Kxf7 16. Nf1 Bf6 17. Bg5 Re8 18. Qd2 d4 19. Bxf6 gxf6 20. Qh6 Ne7 21. N1d2
Neg6 22. Ne4 Bxe4 23. dxe4 Rad8 24. Red1 Kg8 25. Nh4 Nxh4 26. Qxh4 Qg7 27. Rac1
Ng6 28. Qh5 Re5 29. Qe2 Qd7 30. Bf1 a5 31. f4 Ree8 32. Qc4+ Kh8 33. Qd3 Rc8 34.
Re1 Qg7 35. Qf3 Qd7 36. Qb3 Qd6 37. a4 Rg8 38. Kh1 Rc7 39. Bc4 Rd8 40. Rcd1 Rg7
41. Qf3 Re7 42. b3 Nf8 43. Rd2 Nd7 44. Qh5 Rde8 45. Qf5 Nf8 46. Bb5 Rd8 47. Bc4
Rde8 48. Kg1 Ng6 49. h4 Rg7 50. Kf2 Qd7 51. Qxd7 Rxd7 52. Bb5 Rde7 53. Bxe8 Rxe8
54. h5 Ne7 55. g4 Nc6 56. Kf3 Kg7 57. Rg1 Kf7 58. g5 f5 59. g6+ hxg6 60. hxg6+
Kg7 61. exf5 Re3+ 62. Kg4 Ne7 63. Kg5 Nd5 64. f6+ Nxf6 65. Rh2 d3 66. Kf5 Re8
67. Rd1 Rd8 68. Rh3 d2 69. Rh2 Rd5+ 70. Ke6 Rd4 71. Rdxd2 Rxf4 72. Rd6 Kxg6 73.
Rg2+ Ng4 74. Kd7+ Kf7 75. Rxb6 Nf6+ 76. Kc6 Ne4 77. Rb7+ Kf6 78. Rc2 Rf5 79. Rc4
Re5 80. Rb6 Re6+ 81. Kc7 Ng5 82. Rxe6+ Nxe6+ 83. Kb6 Nd4 84. Rc3 Ke6 85. Kxc5 1-0

[Event "ch-FRA w 2018"]
[Site "Nimes FRA"]
[Date "2018.08.24"]
[Round "7.3"]
[White "Leconte, Maria"]
[Black "Navrotescu, Andreea-Cristiana"]
[Result "1-0"]
[WhiteTitle "WGM"]
[BlackTitle "WIM"]
[WhiteElo "2224"]
[BlackElo "2247"]
[WhiteFideId "618446"]
[BlackFideId "675946"]
[EventDate "2018.08.18"]

1. e4 e5 2. Nf3 Nc6 3. Nc3 Nf6 4. Bb5 Bd6 5. d3 a6 6. Bc4 h6 7. a3 b5 8. Ba2 Bc5
9. Nxe5 Nxe5 10. d4 Bd6 11. f4 Nc4 12. e5 O-O 13. O-O Be7 14. exf6 Bxf6 15. Bxc4
bxc4 16. Nd5 Bb7 17. Ne3 Qe7 18. c3 Qe4 19. Qg4 c5 20. d5 Bxd5 21. Nxd5 Qxd5 22.
f5 Kh7 23. Rd1 Qe5 24. Qxc4 Qxf5 25. Be3 Rfe8 26. Bxc5 Re4 27. Bd4 Rae8 28. Rf1
Qg6 29. Rad1 Re2 30. Bf2 Rxb2 31. Rxd7 Ree2 32. Rxf7 Re4 33. Qd3 Be5 34. Bg3
Bxg3 35. hxg3 Rb5 36. R7f4 Rbe5 37. c4 h5 38. Rxe4 Rxe4 39. c5 Kh6 40. Qd2+ Kh7
41. Rf4 Re5 42. Qc3 Rg5 43. Kh2 Qc6 44. Qc2+ Kg8 45. Rf5 Rg6 46. Rxh5 Rh6 47. g4
Qf6 48. Qc4+ Kf8 49. Qe4 Kg8 50. Qe8+ Kh7 51. Rxh6+ gxh6 52. Qe4+ Kg7 53. c6
Qd6+ 54. g3 Qxa3 55. Qe5+ Kg6 56. c7 Qa2+ 57. Kg1 Qb1+ 58. Kf2 Qc2+ 59. Ke3 Qc1+
60. Kd4 Qd1+ 61. Kc5 Qxg4 62. Qe8+ Kf6 63. Qf8+ Ke5 64. Qe7+ 1-0

[Event "ch-FRA w 2018"]
[Site "Nimes FRA"]
[Date "2018.08.25"]
[Round "8.3"]
[White "Bollengier, Andreea"]
[Black "Leconte, Maria"]
[Result "1/2-1/2"]
[WhiteTitle "WIM"]
[BlackTitle "WGM"]
[WhiteElo "2219"]
[BlackElo "2224"]
[WhiteFideId "1203347"]
[BlackFideId "618446"]
[EventDate "2018.08.18"]

1. d4 Nf6 2. Nf3 b6 3. g3 Bb7 4. Bg2 e6 5. O-O d5 6. c4 Be7 7. cxd5 exd5 8. Qa4+
c6 9. Ne5 O-O 10. Nc3 b5 11. Qc2 Nbd7 12. Nxd7 Qxd7 13. Bg5 Rfe8 14. Bxf6 Bxf6
15. e3 Rac8 16. Ne2 Qd6 17. Rac1 Be7 18. Nf4 Bg5 19. Nd3 Rc7 20. a4 Ree7 21. Qb3
a6 22. axb5 axb5 23. Ra1 h5 24. Nc5 h4 25. Rfe1 hxg3 26. hxg3 Bc8 27. Ra8 Kh7
28. e4 Bf5 29. f4 Bh6 30. e5 Qg6 31. Kf2 Rc8 32. Ra6 f6 33. e6 Qe8 34. Qe3 Ra8
35. Rxa8 Qxa8 36. Bf3 Qa2 37. Re2 g5 38. g4 gxf4 39. Qc1 Bg6 40. Nd7 Qa7 41.
Qxc6 Qxd4+ 42. Kg2 Be4 43. Bxe4+ dxe4 44. Qxe4+ Qxe4+ 45. Rxe4 Kg6 46. Kf3 f5
47. gxf5+ Kxf5 48. Re5+ Kg6 49. b3 Re8 50. Kg4 Re7 51. Nc5 Kf6 52. Nd7+ Kg6 53.
Re2 Re8 54. Kf3 Kf5 55. e7 Bg5 56. Re5+ Kg6 57. Nf8+ Kf6 58. Nd7+ Kg6 59. Nf8+
Kf6 60. Nd7+ 1/2-1/2

[Event "ch-FRA w 2018"]
[Site "Nimes FRA"]
[Date "2018.08.26"]
[Round "9.3"]
[White "Safranska, Anda"]
[Black "Navrotescu, Andreea-Cristiana"]
[Result "0-1"]
[WhiteTitle "WGM"]
[BlackTitle "WIM"]
[WhiteElo "2193"]
[BlackElo "2247"]
[WhiteFideId "11600209"]
[BlackFideId "675946"]
[EventDate "2018.08.18"]

1. Nf3 d5 2. g3 g6 3. Bg2 Bg7 4. d3 e5 5. c4 dxc4 6. Qa4+ Nc6 7. Qxc4 Nge7 8.
O-O O-O 9. Nc3 Nd4 10. Nxd4 exd4 11. Ne4 h6 12. Nc5 c6 13. e4 b6 14. Nb3 Be6 15.
Qc2 c5 16. Nd2 Rc8 17. b3 f5 18. exf5 Nxf5 19. Bb2 Qd7 20. Rae1 Nd6 21. Nc4 Nf7
22. a4 Rce8 23. f4 Bf5 24. Ba3 Re6 25. b4 cxb4 26. Bxb4 Rfe8 27. Rxe6 Bxe6 28.
Qd1 b5 29. Na5 Rc8 30. axb5 Qxb5 31. Be1 Nd6 32. g4 Kh8 33. h3 Qb2 34. Qf3 Rc2
35. Bf2 Rc5 36. Qa8+ Nc8 37. Nc6 Kh7 38. Nd8 Bd7 39. Qb7 Qxb7 40. Nxb7 Rc3 41.
Be4 Bc6 42. Bxc6 Rxc6 43. Rd1 Nb6 44. Na5 Rc3 45. Be1 Ra3 46. Kf2 Nd5 47. Nc4
Ra2+ 48. Kf3 Nc3 49. Rd2 Ra1 50. Bf2 a5 51. Rb2 Rd1 52. Nxa5 Rxd3+ 53. Kg2 Nd1
54. Ra2 Rc3 55. Be1 Re3 56. Bb4 Nc3 57. Rd2 Nd5 58. Bd6 Rc3 59. h4 Ne3+ 60. Kf2
Nxg4+ 61. Kg2 Bf6 62. h5 gxh5 63. Bb4 Rc8 64. Kf3 Kg6 65. Rd3 Rc1 66. Nb3 Rf1+
67. Kg3 Kf5 68. Bd2 Rf2 69. Be1 h4+ 70. Kh3 0-1

[Event "ch-FRA w 2018"]
[Site "Nimes FRA"]
[Date "2018.08.26"]
[Round "9.5"]
[White "Haussernot, Cecile"]
[Black "Bollengier, Andreea"]
[Result "1-0"]
[WhiteTitle "WIM"]
[BlackTitle "WIM"]
[WhiteElo "2198"]
[BlackElo "2219"]
[WhiteFideId "601632"]
[BlackFideId "1203347"]
[EventDate "2018.08.18"]

1. e4 e6 2. d4 d5 3. Nc3 Bb4 4. Ne2 dxe4 5. a3 Bxc3+ 6. Nxc3 Nc6 7. Bb5 Ne7 8.
Bg5 f6 9. Be3 O-O 10. Qd2 f5 11. O-O-O a6 12. Bxc6 Nxc6 13. f3 exf3 14. gxf3 e5
15. d5 Ne7 16. f4 e4 17. h4 Rf7 18. h5 h6 19. Rhg1 Kf8 20. Qg2 Ng8 21. Bc5+ Ke8
22. Qg6 b6 23. Bd4 Qd6 24. Qh7 Nf6 25. Bxf6 Qxf6 26. Rg6 Qh4 27. Qg8+ Rf8 28.
Qxg7 Bd7 29. d6 c6 30. Re6+ 1-0